Characters in Fire Emblem Gaiden - Statistics

General Stats
  • This quiz has been taken 2 times
  • The average score is 8 of 32
Answer Stats
Characters % Correct
Cellica
100%
Arum
50%
Boowy
50%
Cliff
50%
Grey
50%
Jenny
50%
Kamui
50%
Leo
50%
Maisen
50%
May
50%
Robin
50%
Ruka
50%
Savr
50%
Silk
50%
Valbo
50%
Atlas
0%
Clea
0%
Clerbe
0%
Deen
0%
Dute
0%
Est
0%
Fols
0%
Jessey
0%
Katua
0%
Machilda
0%
Norma
0%
Paison
0%
Paola
0%
Ryuto
0%
Sonia
0%
Teeta
0%
Zeke
0%
No matching quizzes found
Score Distribution
Percent of People with Each Score
Percentile by Number Answered
Your Score History
You have not taken this quiz